Statistics for 1980s Movie Co-Stars

Click here to take the quiz!

General Stats

  • This quiz has been taken 13,311 times
  • The average score is 13 of 20

Answer Stats

Co-starsMovie or Series% Correct
Dustin Hoffman, Tom CruiseRain Man
87%
Arnold Schwarzenegger,
Danny DeVito
Twins
87%
Bruce Willis, Alan RickmanDie Hard
82%
Michael Keaton, Jack NicholsonBatman
81%
Bill Murray, Sigourney WeaverGhostbusters
79%
Sean Connery, Harrison FordIndiana Jones and the
Last Crusade
77%
Danny Glover, Mel GibsonLethal Weapon
76%
Ralph Macchio, Pat MoritaThe Karate Kid
74%
Billy Crystal, Meg RyanWhen Harry Met Sally...
73%
Matthew Broderick, Mia SaraFerris Bueller's Day Off
68%
Tom Cruise, Meg RyanTop Gun
67%
Leslie Nielsen,
Kareem Abdul-Jabbar
Airplane!
64%
Morgan Freeman, Jessica TandyDriving Miss Daisy
63%
Carey Elwes, Andre the GiantThe Princess Bride
63%
Arnold Schwarzenegger,
Carl Weathers
Predator
55%
Michael Keaton, Winona RyderBeetlejuice
53%
Eddie Murphy, Dan AykroydTrading Places
52%
Nick Nolte, Eddie Murphy48 Hrs.
47%
Steve Guttenberg, Kim CattrallPolice Academy
44%
Kevin Costner, Susan SarandonBull Durham
40%

Score Distribution

Percentile by Number Answered

Percent of People with Each Score

Your Score History

You have not taken this quiz